[Event "2nd UzChess Cup Masters"]
[Site "Tashkent UZB"]
[Date "2025.06.23"]
[Round "5.1"]
[White "Maghsoodloo, Parham"]
[Black "Praggnanandhaa, R."]
[Result "1-0"]
[Annotator "Tactical Analysis 7.0"]
[WhiteElo "2691"]
[BlackElo "2767"]
[PlyCount "135"]
[GameId "2192782476403157"]
[EventDate "2025.06.19"]

1. d4 Nf6 2. c4 e6 3. Nc3 Bb4 4. e3 c5 5. Bd3 cxd4 6. exd4 d5 7. cxd5 Nxd5 8. Nge2 O-O 9. O-O Re8 {E48: Nimzo-Indian: Rubinstein: 5 Bd3 d5 including 6 Ne2, but excluding 6 a3.} 10. Re1 $5 {[%mdl 4] An interesting side line.} Nc6 11. a3 Bf8 {The position is equal.} 12. Nxd5 exd5 13. Be3 g6 $146 ({Predecessor:} 13... Bg4 14. Rc1 g6 15. Qd2 Bxe2 16. Bxe2 Bg7 17. Bf3 Qb6 18. Bxd5 Nxd4 19. Qb4 Qxb4 20. axb4 {Â½-Â½ Epishin,V (2643)-Christiansen,L (2559) Tan Chin Nam Cup 8th Qingdao 2002 (5)}) 14. Nf4 Bg7 15. Bb5 Qd6 16. Bxc6 bxc6 17. Nd3 Bf5 18. Nc5 h6 19. Qf3 a5 20. Bf4 Qd8 21. Rxe8+ Qxe8 22. Qd1 Qd8 23. Qd2 g5 24. Bg3 h5 {[%cal Bh6h5,Bh5h4][%mdl 32] Strongly threatening ...h4.} 25. h3 h4 26. Be5 (26. Bh2 $1 $14) 26... Bxe5 (26... f6 $11 {remains equal.} 27. Bh2 Qc8) 27. dxe5 $16 Qe7 {Repels Nb7} (27... Ra7 $16 {is a better defense.}) 28. Qd4 (28. Nb3 $1 $18) 28... Re8 29. Re1 f6 $1 30. e6 Kg7 $1 31. Re3 Kg6 $1 32. b4 axb4 33. axb4 Qd6 {Prevents f4} 34. Nd7 $36 {[%mdl 2048] White has good play.} (34. Rf3 Qe5 35. Qxe5 fxe5 $15) 34... Qe7 (34... Rxe6 $2 35. Rxe6 Qxe6 36. Nf8+ Kf7 37. Nxe6 $18) 35. f4 Be4 36. fxg5 Qxe6 37. Nxf6 Qe5 38. Qa7 (38. Qd1 $14 {was preferable.} Qxg5 39. Ng4) 38... Qxg5 39. Ng4 $1 $14 {Dancing on a razor blade. White is more active.} Qe7 {Prevents Qd7} 40. Qb6 {[%cal Oe3e2]} Qd6 (40... Qd7 $142) 41. Qd4 $16 Qe7 (41... Re6 $16) 42. Rc3 Rc8 (42... Qd6) 43. Ra3 $18 (43. Ne5+ Kh7 $16) 43... Qg7 {Against Ra7} 44. Qf2 Kh5 45. Ra7 Rc7 (45... Qg5 $142 46. Qf7+ Qg6) 46. Rxc7 Qxc7 {[%mdl 4096] Endgame KQB-KQN} 47. Qf6 Bg6 48. Ne5 Be4 49. Kh2 (49. Nxc6 Qb6+ 50. Kh2 Qe3 51. Qh8+ (51. Qe5+ Kh6 $18) 51... Kg6 52. Qe8+ (52. Qxh4 d4 $18) 52... Kh6 53. Qe6+ (53. Qe5 Qf2 $14) 53... Kh7 54. Qf7+ Kh6 55. Qe6+ Kh7 56. Qe7+ Kg6 57. Qe6+ (57. Qxh4 d4 $16) 57... Kh7 $18) 49... Qb8 50. g4+ hxg3+ 51. Kxg3 {[%csl Gg3][%cal Rf6h4]} Qg8+ 52. Kf4 Bh7 53. Qe7 {[%cal Oe5d7]} ({Less strong is} 53. Nxc6 Qg2 $16) 53... Bb1 54. Nxc6 Qg2 55. Qe8+ Kh6 56. Qh8+ (56. Qf8+ $142 Kh7 57. Qe7+ Kh8 58. Qh4+ Kg7 59. Qg4+ Qxg4+ 60. hxg4) 56... Bh7 57. Qf6+ Kh5 58. Qe5+ Kh6 59. Qe6+ Bg6 60. Ke5 $2 (60. Qe3 $1 $18) 60... Qe4+ $11 61. Kd6 {and b5 would now be decisive} Qxe6+ $1 62. Kxe6 {KB-KN. White is a pawn up.} Bd3 $1 63. Kxd5 {Loses the game.} Kh5 $2 {[%mdl 8192]} (63... Bf1 $11) 64. Ne5 $18 Ba6 {[#]} 65. Ng4 $1 {White threatens Kc5 and mate.} Kh4 66. Nf2 Kg3 {[#]} 67. Kc5 $1 Kxf2 (67... Be2 68. b5) {Weighted Error Value: White=0.38/Black=0.57} 68. h4 1-0

[Event "2nd UzChess Cup Masters"]
[Site "Tashkent UZB"]
[Date "2025.06.23"]
[Round "5.2"]
[White "Nepomniachtchi, Ian"]
[Black "Yakubboev, Nodirbek"]
[Result "1/2-1/2"]
[Annotator "Tactical Analysis 7.0"]
[WhiteElo "2757"]
[BlackElo "2659"]
[PlyCount "78"]
[GameId "2192789114843916"]
[EventDate "2025.06.19"]

1. c4 Nf6 2. Nc3 e5 3. Nf3 Nc6 4. g3 d5 5. cxd5 Nxd5 6. Bg2 Nb6 7. O-O Be7 8. Rb1 f6 9. a3 O-O 10. b4 Be6 11. d3 a5 12. b5 Nd4 13. Nd2 Qc8 {A29: English Opening: Four Knights Variation with 4 g3.} 14. e3 Nf5 15. Qc2 Rd8 16. Bb2 a4 17. Rfc1 Nd6 18. Nde4 Bb3 19. Qe2 Nxe4 20. Nxe4 Ba2 21. Ra1 Bd5 22. d4 $146 (22. Rc2 $14) ({Predecessor:} 22. Nc5 Bxg2 23. Kxg2 c6 24. Ne4 Qd7 25. bxc6 bxc6 26. Rc3 {Â½-Â½ Kotlyar,K (2362)-Drygalov,A (2317) Urals-ch 74th Khanty-Mansiysk 2016 (7)}) 22... f5 $15 23. Nc5 e4 24. f3 exf3 25. Bxf3 c6 26. e4 fxe4 27. Bg4 Qb8 28. Nxe4 Rf8 29. Nc3 $132 {[%mdl 2048] [#] Threatens to win with Nxd5. White has counterplay} Bg5 {[%cal Be7g5,Bg5f6,Bf6d4][%mdl 32] Threatens to win with ...Re8.} 30. Nxd5 Nxd5 31. Qe6+ Kh8 32. Re1 {Wards off Be3+} Ra5 33. bxc6 bxc6 34. Bc1 Bf6 35. Bd2 (35. Qxc6 $2 {too greedy.} Bxd4+ 36. Kg2 Rc5 $19 (36... Bxa1 $2 37. Bd2 $19)) 35... Bxd4+ 36. Kh1 Ra6 37. Rab1 Qa8 38. Rf1 Re8 39. Qf5 {Weighted Error Value: White=0.06 (flawless) /Black=0.08 (flawless)} Rb6 1/2-1/2

[Event "2nd UzChess Cup Masters"]
[Site "Tashkent UZB"]
[Date "2025.06.23"]
[Round "5.3"]
[White "Abdusattorov, Nodirbek"]
[Black "Aravindh, Chithambaram VR."]
[Result "1-0"]
[Annotator "Tactical Analysis 7.0"]
[WhiteElo "2767"]
[BlackElo "2749"]
[PlyCount "65"]
[GameId "2192792079774929"]
[EventDate "2025.06.19"]

1. c4 g6 2. d4 {[%cal Bd2d4,Bd4d5][%mdl 32]} Bg7 3. e4 d6 4. Ne2 e5 5. Nbc3 Nc6 6. Be3 Nh6 7. d5 Ne7 {A42: Modern Defence: Averbakh Variation.} 8. h3 f5 $1 9. g3 O-O {White is slightly better.} 10. Qd2 Nf7 11. O-O-O ({White should play} 11. Bg2 $14) 11... c5 $146 (11... a6 $11) ({Predecessor:} 11... fxe4 12. g4 c6 13. Nxe4 cxd5 14. cxd5 b5 15. Qb4 Rb8 16. Kb1 a5 17. Qb3 b4 {1-0 Shalamberidze,A (2419)-Poley,V (2397) Agneaux St Lo IM 7th 2005 (4)}) 12. dxc6 $14 bxc6 13. c5 $1 d5 14. exd5 cxd5 15. Nxd5 Be6 (15... Nxd5 $14 16. Qxd5 Qxd5 17. Rxd5 Bb7) 16. Nec3 $16 {White is more active.} Nxd5 17. Nxd5 e4 {[#]} 18. Qc2 Rb8 $1 $14 {[#]} (18... Bxd5 19. Bc4 $16) 19. b3 {Hoping for Nf4.} Qa5 (19... Bxd5 20. Bc4 Qf6 21. Bxd5 $11) 20. Bc4 Rfe8 {Dodges Ne7+} ({Better is} 20... Ne5 $1 $14 21. Ne7+ Kf7 22. Bxe6+ Kxe7 (22... Kxe6 23. Nc6 $16)) 21. Kb1 $16 Ne5 22. Bd4 {Black cannot hold the game after this.} Kf7 $2 {[%mdl 8192]} (22... Bxd5 $16 23. Bxd5+ Kh8) 23. Bxe5 $18 Bxe5 24. Nf4 Bxc4 (24... Bxf4 {was worth a try.} 25. gxf4 Rbd8) 25. Qxc4+ Kg7 26. Rd7+ Kh6 27. Rhd1 (27. Qf7 Rh8 28. Rc1 (28. Rxa7 Qc3) (28. Qe7 Rxb3+ 29. axb3 Qa1+ 30. Kc2 Qc3+ 31. Kd1 Bf6 $16) 28... Rb7 $16) 27... Red8 28. c6 {[%cal Bc5c6,Bc6d7][%mdl 32]} ({And not} 28. Qf7 Rxd7 29. Rxd7 Qe1+ (29... Qxc5 30. Qxh7+ Kg5 31. Qxg6#) 30. Kc2 Qxf2+ 31. Kd1 Qf3+ (31... Qxc5 32. Qxh7+ Kg5 33. Qxg6#) 32. Ne2 Bxg3 33. Qg7+ Kh5 34. Qxh7+ Kg5 35. Qe7+ Kh5 36. Qh7+ Kg5 37. Qe7+ Kh5 38. Qh7+ $11) 28... Qa3 29. R1d2 {Against Qb2+} (29. Rxd8 $2 Qb2#) 29... Rxd7 30. cxd7 e3 $2 (30... Rd8 31. Qd5 Bxf4 32. gxf4 Qb4) 31. fxe3 {White is clearly winning.} (31. d8=R $2 {perishes.} Rxd8 (31... exd2 32. Rxd2 Rb4 33. Qd3 $11) 32. Ne6 f4 $19 (32... Rxd2 33. Qh4#)) 31... Qa5 {[#]} 32. Ne6 $1 Bf6 {Prevents Qh4+} (32... Bxg3 33. d8=N) {Magnificent play by Abdusattorov!   Weighted Error Value: White=0.33/Black=0.65} 33. Qf4+ 1-0

[Event "2nd UzChess Cup Masters"]
[Site "Tashkent UZB"]
[Date "2025.06.23"]
[Round "5.4"]
[White "Vokhidov, Shamsiddin"]
[Black "Erigaisi, Arjun"]
[Result "0-1"]
[Annotator "Tactical Analysis 7.0"]
[WhiteElo "2644"]
[BlackElo "2782"]
[PlyCount "136"]
[GameId "2192795114464774"]
[EventDate "2025.06.19"]

1. e4 e5 2. Nf3 Nc6 3. Bb5 a6 4. Ba4 Nf6 5. O-O d6 6. c3 {[%cal Bc2c3,Bc3d4,Bd4d5][%mdl 32]} Bd7 7. d4 g6 8. Re1 Bg7 9. h3 O-O 10. Nbd2 exd4 {C60: Ruy Lopez: Unusual Black 3rd moves and 3...g6.} 11. cxd4 Nb4 $1 12. Bxd7 Qxd7 {White is slightly better.} 13. Nf1 c5 14. a3 Nc6 {[%cal Bb4c6,Bc6a5,Ba5c4][%mdl 32]} 15. d5 $1 Na5 $5 $146 {[%mdl 8] An interesting novelty.} ({Predecessor:} 15... Nd4 16. Nxd4 cxd4 17. Qxd4 Rfe8 18. Qd3 Qb5 19. Qxb5 axb5 20. f3 Nxd5 21. Rd1 Nb6 22. Rxd6 {1-0 Paravyan,D (2601)-Grandelius,N (2660) ChessKid Cup Play In Chess.com INT blitz 2023 (9)}) 16. Bd2 Nc4 17. Bc3 b5 $1 18. b3 Nb6 19. Qd2 {[%cal Oa3a4]} a5 20. Ng3 (20. Bxa5 $14 Nxe4 21. Rxe4 Bxa1 22. Bxb6) 20... a4 (20... b4 $142 $1 21. axb4 axb4) 21. b4 $11 Nc4 22. Qd3 Rfe8 (22... cxb4 {might be stronger.} 23. Bxb4 Nb2) 23. Nd2 (23. bxc5 $14 dxc5 24. Rad1) 23... Ne5 $36 {[%mdl 2048] White is under pressure.} 24. Bxe5 (24. Qe3 $15) 24... c4 $1 $17 (24... Rxe5 $6 25. bxc5 dxc5 26. Nf3 $11) 25. Qc2 (25. Nxc4 $2 bxc4 (25... dxe5 $2 26. Nb6 $18) 26. Qxc4 Rac8 $19 (26... dxe5 27. Qc6 $17)) 25... Rxe5 (25... dxe5 $6 26. Nf3 $11) 26. Rad1 Rae8 27. Re2 R5e7 {[%cal Of6d5]} 28. Rde1 Qb7 29. Nf3 Nd7 30. Re3 (30. Nf1 $17) 30... Qb6 31. R3e2 (31. Rd1 {was called for.}) 31... h5 32. Nf1 Rc8 (32... Ne5 $19 33. Nxe5 Bxe5) 33. Ne3 Ne5 34. Nxe5 Bxe5 35. Nf1 (35. g3 $17) 35... c3 ({Black should try} 35... Qd4 $19 {White must now prevent ...Qc3.} 36. Rd1 Qc3 37. Qxc3 Bxc3) 36. Ne3 Bg7 {Black is more active.} 37. Qd3 h4 38. Kf1 Qb7 39. Rc1 Qd7 40. Rce1 Kf8 41. Rc1 Kg8 42. Rce1 Kh8 43. Rc1 Rc7 44. Rce1 Kh7 45. Rc1 Kg8 46. Rce1 Kh8 47. Rc1 Rc8 48. Rce1 Qe8 49. f3 Kg8 50. Rc1 Rec7 51. Rcc2 Kh8 52. Ke1 (52. Re1 $142) 52... Qe5 53. Kd1 (53. Qxb5 Qd4 54. Nf1 (54. Qxa4 $2 Bh6 $19) 54... Qg1 $19) (53. Ng4 $17 Qd4 54. Qxd4 Bxd4 55. e5) 53... Re7 $19 54. Ng4 Qf4 (54... Qd4 55. Qxd4 Bxd4 56. Rc1 $15) {White does not recover from this.} 55. Qxb5 $2 (55. Qe3 $17 Qxe3 56. Rxe3) 55... f5 56. Nf2 Qh2 $1 57. Nd3 fxe4 58. Rxe4 (58. Ne1 e3 59. Nd3) 58... Rxe4 {Black is clearly winning.} 59. fxe4 Qg1+ 60. Ne1 {[#]} Be5 $1 {White is weak on the dark squares} 61. Re2 {[#]} Bg3 $1 {[%cal Oc3c2] ( -> ...c2+!)} ({Inferior is} 61... c2+ 62. Rxc2 Rxc2 63. Qe8+ Kh7 64. Qe7+ (64. Kxc2 $2 {loses.} Qxe1 65. Qf7+ Bg7 $19) 64... Kg8 65. Qe8+ Kh7 66. Qe7+ Kg8 67. Qe8+ Kh7 $11) 62. Kc2 {[%cal Oe4e5]} Bxe1 63. Qd7 Rg8 64. Qxd6 {Qc5 would now be deadly.} Qf1 65. Qe5+ Kh7 66. Kd3 {[#]} c2 $1 67. Qc7+ Rg7 68. Qxc2 {A cool game by Erigaisi.   Weighted Error Value: White=0.36/Black=0.09 (flawless)} Bg3 0-1

[Event "2nd UzChess Cup Masters"]
[Site "Tashkent UZB"]
[Date "2025.06.23"]
[Round "5.5"]
[White "Sindarov, Javokhir"]
[Black "Rapport, Richard"]
[Result "1-0"]
[Annotator "Tactical Analysis 7.0"]
[WhiteElo "2710"]
[BlackElo "2714"]
[PlyCount "111"]
[GameId "2192802249946933"]
[EventDate "2025.06.19"]

1. d4 Nf6 2. c4 e6 3. Nf3 c5 4. d5 d6 5. Nc3 exd5 6. cxd5 g6 7. Bf4 Bg7 8. e3 {A61: Modern Benoni: Nf3 without early e4.} O-O 9. h3 Ne8 {outshines the older 9...Na6.} 10. Qd2 $5 {[%mdl 4] White is better. A promising side line.} Nd7 11. e4 a6 12. a4 Rb8 {[%cal Ob7b5]} 13. Be2 {White is more active.} Qe7 14. O-O $1 Nc7 15. Rfe1 b5 (15... Re8 $16) 16. axb5 $18 Nxb5 17. Nxb5 axb5 18. Ra7 b4 19. Bg5 $146 (19. Rc7 $18) ({Predecessor:} 19. Ba6 Bxa6 20. Rxa6 Nb6 21. Qc2 Rfc8 22. b3 c4 23. Be3 cxb3 24. Qxb3 Nd7 25. Ra7 {0-1 Ding,L (2458)-Gao,R (2500) Beijing zt 3.5 2009 (5)}) 19... Bf6 {Black is weak on the light squares} (19... Qxe4 $2 20. Bf1 $18) (19... f6 $16 20. Bh4 Rb7) 20. e5 $1 dxe5 (20... Bxg5 $6 21. Nxg5 Rb7 (21... Qxe5 $2 22. Bg4 $18 {[%csl Oe5][%mdl 64] Discovered Attack}) 22. exd6 Qxd6 23. Ne4 $16) 21. d6 Qd8 22. Bh6 $1 Bg7 (22... Rb7 $142 23. Rxb7 Bxb7) 23. Bc4 $1 Rb6 24. Bxg7 Kxg7 25. Ng5 (25. Nxe5 Nxe5 26. Rxe5 Rxd6 $11) 25... Qf6 26. Ne4 Qf4 27. Qd5 Rb8 28. Rc7 (28. Nxc5 Nb6 29. Qe4 (29. g3 Qf6 $15) 29... Nxc4 $14) 28... Nb6 29. Qxc5 Nxc4 30. Qxc4 Bb7 31. Qd3 (31. Qxb4 Bxe4 (31... Bd5 32. Qc3 $16) 32. Qxe4 Qxe4 33. Rxe4 Rxb2 $14) (31. d7 $18) 31... Bxe4 $1 $14 32. Rxe4 Qf6 33. Qd5 {[%cal Oe4e3]} Rb6 $1 34. Rd7 $36 {[%mdl 2048] White fights for an advantage.} (34. Rxe5 Rxd6 35. Qe4 (35. Qc5 Rd1+) 35... Rd1+ 36. Kh2 Qxf2 $17) 34... Re8 35. Qc5 {White stays focused until the end.} Qf5 $2 {[#]} (35... Ra6 $14) 36. Qxb6 $2 (36. Rxb4 $2 Rxb4 $19) (36. Re1 $1 $18) 36... Qxd7 $18 {[%mdl 4096] Endgame KQR-KQR} (36... Qxe4 $14 37. Qc5 Qd4 (37... Qb1+ 38. Kh2 $14)) 37. Re1 (37. Qxb4 Re6 $14) 37... Re6 38. Rd1 (38. Qxb4 Qxd6 39. Qxd6 Rxd6 $11) 38... b3 39. Qc5 (39. Qxb3 Rxd6 40. Rxd6 Qxd6 $11) (39. Qc7 Qxc7 40. dxc7 Rc6 $11) 39... h5 (39... g5 $142 40. g4 Re8) 40. h4 Kh7 41. Rd5 (41. Qc7 Qxc7 42. dxc7 Rc6 $11) 41... e4 42. Qd4 (42. Qc7 Qxc7 43. dxc7 Rc6 $11) 42... Re8 43. Qe3 (43. Re5 $142 {aiming for Rxe8.} Rxe5 44. Qxe5) 43... Qb7 $2 (43... Qe6 44. d7 (44. Qxb3 Rd8 $16) 44... Rd8) 44. Rc5 (44. d7 Rd8 45. Qd4 (45. Qxe4 Rxd7 46. Rxh5+ Kg7 $16) 45... Qc6 46. Qxe4 Qc1+ 47. Kh2 Qc7+ 48. f4 Rxd7 $16) 44... Rd8 {[#]} 45. Qf4 {[%cal Oc5h5]} Kg8 $2 (45... Rd7 46. Rc7 {[%mdl 64] Deflection} Qb5) 46. Qf6 Rf8 47. Rc4 Qd5 48. Rd4 Qc6 49. Qg5 Qb6 50. Rd1 (50. Rxe4 Qxd6 51. Qc1 Ra8 $11) 50... Re8 (50... Qd8 $142 51. Qf4 Qe8) 51. d7 Rd8 52. Qe7 Kg7 53. Rd6 (53. Qxe4 Qe6 54. Qd3 Qc6 $18) 53... Qa5 54. Rf6 Rf8 55. d8=Q ({Not} 55. Rxf7+ Rxf7 56. d8=Q (56. d8=B $2 {too greedy.} Qe1+ 57. Kh2 Rxe7 $19) 56... Qe1+ 57. Kh2 Rxe7 58. Qxe7+ Kh6 $14) (55. Rxg6+ $142 Kxg6 56. Qxf8 Qd2 57. Qg8+ (57. d8=B Qc1+ 58. Kh2 Qf4+ 59. Kh3 Qg4+ 60. Kh2 Qf4+ 61. Kh1 Qc1+ 62. Kh2 Qf4+ $11) 57... Kf5 58. d8=Q (58. d8=B Qc1+ 59. Kh2 Qf4+ 60. Kh3 Ke6 $18) (58. Qxf7+ Ke5 59. Qxh5+ Ke6 60. Qe8+ Kf5 61. Qf8+ Ke5 62. d8=Q Qxd8 63. Qxd8 Ke6) 58... Qxd8 59. Qxd8 Ke6 60. Qe8+ {[%mdl 64] Deflection} Kd6 61. Qxf7) 55... Qxd8 {[#]} {Magnificent play by Sindarov!   Weighted Error Value: White=0.35/Black=0.61} 56. Rxf7+ $3 {[%mdl 576] Deflection} 1-0

[Event "2nd UzChess Cup Masters"]
[Site "Tashkent UZB"]
[Date "2025.06.24"]
[Round "6.1"]
[White "Praggnanandhaa, R."]
[Black "Rapport, Richard"]
[Result "0-1"]
[Annotator "Tactical Analysis 7.0"]
[WhiteElo "2767"]
[BlackElo "2714"]
[PlyCount "74"]
[GameId "2192808298498265"]
[EventDate "2025.06.19"]

1. d4 Nf6 2. c4 g6 3. f3 Bg7 4. e4 d6 5. Nc3 O-O 6. Nge2 a6 7. Be3 Nbd7 {[%cal Ob7b5] E81: King's Indian: SÃ¤misch: 6th move deviations (including 6 Be3 c6).} 8. Qd2 b5 $1 {[%mdl 4] now scores much better than the old 8...c5.} 9. h4 h5 $1 {White has an edge.} 10. O-O-O {[%cal Be1c1,Bc1b1,Bb1a1][%mdl 32]} e5 11. d5 Nb6 12. Bxb6 $146 ({Predecessor:} 12. Ng1 b4 13. Nb1 a5 14. Bd3 c6 15. Qf2 Rb8 16. Nd2 Ba6 17. Qe2 Na4 18. Nb3 {0-1 Debayan,R (2064)-Fedorov,A (2392) Bhubaneswar op 16th 2025 (2)}) 12... cxb6 13. cxb5 axb5 14. Kb1 b4 15. Nb5 Nxd5 {[%mdl 64] Deflection} 16. exd5 (16. Qxd5 Be6 17. Qb7 (17. Qxd6 $2 Bxa2+ 18. Kc2 Qc8+ 19. Nec3 b3+ 20. Kd2 Rd8 $17 {[%mdl 64] Pin}) 17... Qc8 18. Qxc8 (18. Qxb6 $2 Bxa2+ 19. Ka1 Bb3+ 20. Na7 Bxd1 $19) 18... Bxa2+ 19. Kc2 (19. Ka1 $2 Rfxc8 $19) 19... Rfxc8+ 20. Nec3 (20. Kd2 $2 Bb3 $19) 20... bxc3 21. Nxc3 Bf8 $17) 16... Bf5+ 17. Ka1 Ra4 18. Nc1 {[%cal Og2g4]} Qd7 $1 19. Bc4 (19. Bd3 Bxd3 20. Qxd3 Ra5 21. Nxd6 (21. a4 Rxa4+ 22. Kb1 Ra5 $17) 21... Qxd6 $17) 19... Rc8 $1 20. Qe2 e4 $1 21. Bb3 (21. Rhe1 $11) 21... exf3 $17 22. gxf3 Ra5 {The board is on fire. Black is more active.} {This move loses the game for White.} 23. Bc4 {[#]} (23. Nd4 $17 {was the only chance.} Rxc1+ 24. Rxc1 Bxd4 25. Qc4) 23... Bc2 $1 $19 24. Rd2 {[#]} (24. Qxc2 Qxb5 25. Qd3 (25. Bxb5 $2 Rxc2 26. Nd3 Rxb5 $19) 25... Rxc4 $19 (25... Qxc4 $2 26. Qxc4 Rxc4 27. Nb3 $19)) (24. Rde1 Ba4) 24... Ba4 {[%cal Ra4b5]} 25. Nd4 {Strongly threatening Kb1.} Rac5 26. Nc6 Bxc6 27. Nb3 {[#]} ({But not} 27. dxc6 Qxc6 28. Rc2 Rxc4 29. Rxc4 Qxc4 $19) 27... Rxc4 {[%mdl 512]} 28. Qxc4 Bb5 {A strong pair of Bishops.} 29. Qe4 Bc4 30. Rc2 (30. Kb1 {was called for.} Qa7 31. Re1) 30... b5 {and ...Qa7 should not be overlooked. Black is clearly winning.} 31. Nc1 Re8 32. Qf4 Qa7 {[%cal Oc4a2]} (32... Bxd5 $2 33. Qxb4 Ra8 (33... Bxf3 34. Rf1 $17) 34. Re1 $19) 33. Rxc4 bxc4 34. Qxc4 {White is weak on the dark squares} b3 35. Rd1 bxa2 {[%cal Og7b2] ( -> ...Bxb2+!)} 36. Qxa2 Qf2 {[%csl LRf3,LRh4]} 37. Qb3 {Against Qc2} {Magnificent play by Rapport!   Weighted Error Value: White=0.41/Black=0.02 (flawless)} Re3 0-1

[Event "2nd UzChess Cup Masters"]
[Site "Tashkent UZB"]
[Date "2025.06.24"]
[Round "6.2"]
[White "Erigaisi, Arjun"]
[Black "Sindarov, Javokhir"]
[Result "1/2-1/2"]
[Annotator "Tactical Analysis 7.0"]
[WhiteElo "2782"]
[BlackElo "2710"]
[PlyCount "115"]
[GameId "2192812251998745"]
[EventDate "2025.06.19"]

1. d4 d5 2. c4 e6 3. Nf3 Nf6 4. Nc3 c6 5. Bg5 Nbd7 6. cxd5 exd5 7. e3 Qa5 8. Bd3 Ne4 9. O-O Nxg5 10. Nxg5 Nf6 11. f4 {D52: Queen's Gambit Declined: Cambridge Springs Variation.} Be7 12. h3 (12. Qc2 $14) 12... O-O 13. g4 $146 ({Predecessor:} 13. Qc2 h6 14. Nf3 c5 15. Qf2 cxd4 16. exd4 Bb4 17. Rac1 Be6 18. f5 Bd7 19. a3 Bxc3 20. Rxc3 {Â½-Â½ Demuth,A (2417)-Malakhatko,V (2532) Calvi Balagne 1st 2012 (5)}) 13... g6 14. Nf3 Ne8 15. Qc2 Nd6 16. Qg2 (16. Kh1 $14 {feels stronger.}) 16... Qd8 17. h4 Kh8 (17... Bxh4 18. g5 Qe7 19. Qd2 $11) 18. Kf2 h5 19. Ne5 (19. g5 $1 $15) 19... Bxg4 (19... Bxh4+ $19 {is more deadly.} 20. Ke2 hxg4 21. Nxg4 Bxg4+ 22. Qxg4 Kg7) 20. Nxg4 $17 hxg4 21. Qxg4 Qc8 (21... Bxh4+ $15 22. Ke2 Kg7) 22. Qg2 {[%cal Oh4h5]} (22. Qxc8 {simplifies} Raxc8 23. Rh1 Rg8 24. Rag1) 22... Qe6 {[%cal Od6f5]} 23. Rh1 Rae8 24. Rh3 Nf5 (24... Kg7 $15) 25. Rah1 $11 Kg7 26. Nd1 Nxh4 (26... Bf6 $11) 27. Rxh4 $16 Bxh4+ 28. Rxh4 Rh8 {[#]} (28... Qf6 $142 29. Rh3 Rh8) 29. Rxh8 ({Only move:} 29. f5 $1 $16 Qf6 30. Rf4) 29... Rxh8 $11 {The position is equal.} 30. Ke2 Qh3 31. Qxh3 Rxh3 32. Nf2 Rg3 {[%cal Bh3g3,Bg3g5,Bg5h5,Bh5h2,Bh2a2,Ba2a1,Ba1b1][%mdl 32]} 33. e4 dxe4 34. Bxe4 g5 35. fxg5 Rxg5 36. Nd3 Rh5 37. Ke3 f5 38. Bf3 Rh2 39. a4 a5 40. b3 {[#]} Kf6 $1 41. Ne5 Ra2 42. Bd1 f4+ 43. Kd3 Kg5 44. Ke4 Ra1 45. Be2 Rb1 46. Nf3+ Kf6 47. Nd2 Re1 ({Of course not} 47... Rb2 48. Kd3 $14) 48. Kf3 {[%cal Od2c4]} Ke7 49. Nc4 b5 50. axb5 (50. Nxa5 $5 Kd6 $8 51. axb5 cxb5 52. Bxb5 $11) 50... cxb5 51. Nxa5 Kd6 $1 52. Bxb5 Kd5 53. Kxf4 {Strongly threatening Nc6.} Kxd4 54. Nc6+ Kc3 55. Bc4 Rb1 56. Ke5 Rxb3 57. Bxb3 Kxb3 {Weighted Error Value: White=0.15 (very precise) /Black=0.14 (very precise)} 58. Ke4 1/2-1/2

[Event "2nd UzChess Cup Masters"]
[Site "Tashkent UZB"]
[Date "2025.06.24"]
[Round "6.3"]
[White "Aravindh, Chithambaram VR."]
[Black "Vokhidov, Shamsiddin"]
[Result "1/2-1/2"]
[Annotator "Tactical Analysis 7.0"]
[WhiteElo "2749"]
[BlackElo "2644"]
[PlyCount "111"]
[GameId "2192817202187038"]
[EventDate "2025.06.19"]

1. e4 e5 2. Nf3 Nc6 3. Bb5 {[%cal Bf1b5,Bb5a4,Ba4b3][%mdl 32]} a6 4. Ba4 Nf6 5. d3 b5 6. Bb3 Bc5 7. O-O {7.0-0 has lost popularity.} d6 8. c3 O-O 9. Bg5 {C78: Ruy Lopez: Archangelsk and MÃ¶ller Defences.} h6 10. Bh4 Bb6 11. a4 {[#] And now axb5 would win. White has an edge.} Rb8 $1 12. Na3 g5 (12... b4 $11 13. Nc4 Na5) 13. Bg3 (13. Nxg5 $1 $14 hxg5 14. Bxg5) 13... Ne7 $11 14. axb5 (14. Re1 $5) 14... axb5 15. Nc2 (15. Nxb5 $6 Bg4 $16) (15. Re1 $5) 15... Ng6 16. Ne3 Bxe3 $146 ({Predecessor:} 16... Nh5 17. d4 g4 18. Ne1 Qg5 19. Nd5 Nhf4 20. Nxb6 Rxb6 21. Nd3 Nxd3 22. Qxd3 h5 {1-0 Simon Padros,E (2161)-Gonzalez Rivera,E (2040) ESP-ch Seniors 65 Altea 2016 (4)}) 17. fxe3 Kg7 18. Ra7 Rb7 19. Ra8 Qe7 20. h3 c5 {[%cal Oc5c4]} 21. Bc2 Ra7 22. Rxa7 Qxa7 23. Qa1 Qc7 24. Nd2 Be6 25. b3 ({Better is} 25. d4) 25... Qb7 (25... g4 $142 26. h4 Nh5) 26. Qb2 (26. d4 $142) 26... Ra8 (26... g4 $17 27. hxg4 Nxg4) 27. Ra1 $1 $15 Rxa1+ (27... Rh8 $15) 28. Qxa1 $11 g4 29. hxg4 Nxg4 30. Nf1 h5 31. c4 h4 32. Be1 b4 33. Bd1 Qe7 34. Qb2 Qg5 35. Qd2 Ne7 36. Kh1 Ng8 37. Bf3 N8f6 (37... Ne7 $15) 38. Qe2 Nh5 (38... Nh7 $15) 39. Qd2 Kg6 40. Kg1 Ng7 {[%cal Oh4h3]} 41. Kh1 Kh6 42. Kg1 Nh5 43. Kh1 Kh7 44. Kg1 Kg6 45. Kh1 Kh7 46. Kg1 Nh6 (46... Kg6 {keeps more tension.} 47. Bf2 h3 48. Qe1 hxg2 49. Nh2 Nhf6) 47. Qf2 {[#]} Ng3 $1 {[%mdl 64] Deflection} 48. Nxg3 {The position is equal.} hxg3 49. Qxg3 Qxe3+ 50. Bf2 Qxd3 51. Qg5 Qxb3 {[%cal Of7f5]} 52. Be3 Ng8 {[%cal Of7f6]} 53. Qh5+ Kg7 54. Qg5+ Kh7 {[%cal Of7f6] aiming for ...f6!.} 55. Qh4+ Kg7 {Weighted Error Value: White=0.12 (very precise) /Black=0.11 (very precise)} 56. Qg5+ 1/2-1/2